000 00768nam a2200217 i 4500
001 180034
003 ES-MaACL
005 20250727062619.0
008 120402s1904 fr |||| | fre d
100 1 _aSchäffle, Albert Eberhard Friedrich.
_9149512
245 1 3 _aLa quintessence du socialisme / A. -E. Schaeffle ; traduction de Benoît Malon.
250 _aRev. et corrigée.
260 _aParis :
_bSociété Nouvelle de Librairie et d'Édition,
_c1904.
300 _a100 p. ;
_c16 cm.
490 1 _aBibliothèque socialiste ;
_v21
650 0 7 _aSocialismo
_2embne
_917147
700 1 _aMalon, Benoit.
_9129396
830 0 _aBibliothèque socialiste ;
_v21
_9185029
852 _aES-MaACL
_jD-2173(1)
_z.- Enc. en un vol. facticio
999 _c180034
_d180034